Arnau de Vilanova en la impremta renaixentista : segle XVI / Sebastià Giralt i Soler segle XVI / Sebastià Giralt i Soler
Descripción Física:
218 p. ; 24 cm
MARC
| LEADER | 00000nam a2200000Ia 4500 | ||
|---|---|---|---|
| 001 | 15273 | ||
| 008 | 160829s2002 xx 000 0 cat d | ||
| 080 | |a C-2-300 | ||
| 100 | |a Giralt Soler, Sebastià |9 32595 | ||
| 245 | |a Arnau de Vilanova en la impremta renaixentista : |b segle XVI / Sebastià Giralt i Soler | ||
| 260 | |a Manresa : |b Arxiu Històric de les Ciències de la Salut, |c 2002 | ||
| 300 | |a 218 p. ; |c 24 cm | ||
| 490 | |a Publicacions de l'Arxiu Històric de les Ciències de la Salut ; 5 | ||
| 590 | |a Notes. | ||
| 590 | |a Bibliografia. | ||
| 590 | |a A la coberta: Col·legi Oficial de Metges de Barcelona | ||
| 600 | 1 | 0 | |a Vilanova, Arnau de, |d aproximadament 1238-1311 |9 36821 |
| 600 | 1 | 0 | |a Vilanova, Arnau de, |d aproximadament 1238-1311 |v Bibliografia |9 54946 |
| 650 | |a Medicina medieval |x Bibliografia |9 32597 | ||
| 710 | 2 | |a Col·legi Oficial de Metges de Barcelona |9 69869 | |
| 710 | |a Arxiu Històric de les Ciències de la Salut |9 69870 | ||
| 901 | |a Arxiu | ||
| 942 | |n 1 | ||
| 952 | |0 0 |1 0 |4 0 |6 C2300 |7 1 |9 46045 |a Arxiu |b Arxiu |d 2016-12-01 |l 0 |o C-2-300 |p 15273 |r 2016-12-01 00:00:00 |w 2016-12-01 |y ARXIU | ||
| 999 | |c 49546 |d 49546 | ||